Quiz Casa de papel - Statistiques

Statistiques générales
  • Ce quiz a été pris 196 fois
  • Le résultat moyen est 11 sur 15
Statistiques - réponses
Questions Réponses % Correct
A une maladie dégénérative Berlin
97%
En combien de parties la série est-elle divisés ? 5
91%
Est le 1er braqueur à mourir Oslo
91%
Dans la saison 1 combien de braqueurs le professeur réunit-il ? 8
90%
En quelle année est sortila série ? 2017
89%
En quelle année c'est arrêté la série ? 2021
89%
S'est fait mettre un implant dans les dents par la police Rio
85%
Met un micro dans les lunettes d'un policier Helsinki
76%
Quelle chanson est devenue l'emblème de la série? Bella Ciao
73%
A failli devenir aveugle Palerme
73%
A 7 enfants Bogota
68%
A été forcée par la police à simuler sa propre mort Lisbonne
65%
Arturo a beau être un salopard, il a tout de même permis à des otages de s'enfuir, combien d'entre eux ont re-découvert l'air frais ? 13
61%
Fille d'un diplomate Alison
59%
Est née dans un hangar Victoria
39%
Aucun quiz correspondant
Distribution des résultats
% des personnes avec chaque résultat
Percentile par nombre de réponses
Votre historique - résultats
Vous n’avez pas pris ce quiz